000 00442pab a2200169 454500
008 180718b1990 xxu||||| |||| 00| 0 eng d
100 _aPandit, K.L
245 _aUnemployment among educated women and enterpreneurial qualities
_bA critical study
260 _c1990
300 _a5-10
362 _a7 May
650 _aWomen - Employment
700 _aA. Padhan
700 _aA.S. Langewar
773 _aUniversity News
909 _a21227
999 _c21227
_d21227